Možnosti tvorby riadených grafických aplikácií v prostredí Windows

Saved in:
Bibliographic Details
Main Author: Janák, Jaroslav, 1981- (Author)
Other Authors: Vaský, Jozef, 1955- (Thesis advisor)
Format: Manuscript Book
Language:Slovak
Published: Trnava : STU v Bratislave MTF UIAM, 2012
Subjects:
Online Access:VAIS
Tags: Add Tag
No Tags, Be the first to tag this record!

MARC

LEADER 00000ntm a22000003a 4500
001 stu251170
005 20150617230227.3
008 120719s2012----xo------------------slo-d
040 |a STU  |b slo 
041 0 |a slo 
044 |a xo 
100 1 |a Janák, Jaroslav,  |d 1981-  |4 aut  |u M  |T MTF Materiálovotechnologická fakulta  |X 57124  |U M  |Y 60  |7 A000057124 
242 0 0 |a The possibilities of controlled graphics applications creation on Windows  |y eng 
245 1 |a Možnosti tvorby riadených grafických aplikácií v prostredí Windows 
260 |a Trnava :  |b STU v Bratislave MTF UIAM,  |c 2012 
300 |a 50s  |c CD ROM 
650 7 |a aplikovaná informatika a automatizácia v priemysle  |2 stusub 
650 7 |a Applied Informatics and Automation in Industry  |2 estusub 
650 7 |a .NET Framework  |2 stusub 
700 1 |a Vaský, Jozef,  |d 1955-  |4 ths  |u M6000  |U MTF Materiálovotechnologická fakulta  |T MTF Ústav aplikovanej informatiky, automatizácie a matematiky  |X 322  |U M6000  |Y 86  |7 A000000322 
856 4 |a info a plný text  |u http://is.stuba.sk/zp/portal_zp.pl?podrobnosti=57837  |3 VAIS 
996 |c M*BP-5893  |l MMSKP  |s P  |a 0  |w stu251170_0001